| 000 | 00728nam a22002177a 4500 | ||
|---|---|---|---|
| 003 | OSt | ||
| 005 | 20240924054630.0 | ||
| 008 | 240924b |||||||| |||| 00| 0 eng d | ||
| 020 | _a9789710445158. | ||
| 040 |
_aDWCL-main lib. _cOC |
||
| 082 | _aFil. 647.95 B735f 2007 | ||
| 100 | _aBORJA, MITCHELL ANTONIO | ||
| 245 |
_aFood production management / _cMitchell Antonio Borja, Janil Jose F. Samson. |
||
| 260 |
_a Manila : _bMindshapers Co., Inc., _cc2007 |
||
| 300 |
_aviii, 235 pages : _billustrations ; _c25 cm. |
||
| 504 | _aIncludes bibliographical references. | ||
| 650 | _aFood service-Management. | ||
| 650 | _aFood industry. | ||
| 700 | _a Samson, Janil Jose F. | ||
| 942 |
_2ddc _cBK - FIL _kFil. 647.95 B735f 2007 _n1 |
||
| 999 |
_c3076 _d3076 |
||